000 00714nam a2200205Ii 4500
003 JO-AjNU
008 230605s9999||||xx |||||||||||||| ||und||
017 _a1991/12/618
040 _aJO-AjNU
_bara
_erda
_cJO-AjNU
041 _aara
050 1 4 _aUB251.U5.M83 1992
100 3 _aشحادة، محمد نور الدين ,
_eauthor
_97069
245 0 0 _aقناع القناع: حقيقة النشاط الاستخباري الامريكي 1980-1987
264 3 1 _aبيروت:دار الجليل للنشر ، 1992
300 _a364ص
336 _atext
_btxt
_2rdacontent
337 _aunmediated
_bn
_2rdamedia
338 _avolume
_bnc
_2rdacarrier
650 4 _aالنشاط الاستخباري-اميركا
_97070
999 _aA92
_c3660
_d3660